| 000 | 01361cam a2200361 a 4500 | ||
|---|---|---|---|
| 001 | 4268 | ||
| 003 | FISKH | ||
| 005 | 20250807155828.0 | ||
| 008 | 080206s2008 nyua j 000 1 eng | ||
| 010 | _a 2008922483 | ||
| 020 | _a9780061561900 (pbk bdg.) | ||
| 040 |
_aDLC _cDLC _beng _dFISKH |
||
| 050 | _aPZ7 | ||
| 082 | _a741.5973 | ||
| 100 | 1 | _aHapka, Cathy. | |
| 245 | 1 | 0 |
_aBatman's friends and foes / _cadapted by Catherine Hapka ; pencils by Adrian Barros ; digital paints by Kanila Tripp. |
| 260 |
_aNew York : _bHarperTrophy, _c2008. |
||
| 300 |
_a32 pages : _bcolor illustrations ; _c23 cm |
||
| 490 | 0 | _aI can read 2 | |
| 490 | 0 | _aDark knight | |
| 500 | _a"Inspired by the film The Dark Knight, screenplay by Jonathan Nolan and Christopher Nolan, story by Christopher Nolan & David S. Goyer, Batman created by Bob Kane." | ||
| 505 | _aJ | ||
| 520 | _aBatman has help from friends such as Alfred, Lucious Fox, and Rachel Dawes as he takes on the Joker, Scarecrow, and other bad guys in Gotham City. | ||
| 521 | 8 |
_a480
_bLexile |
|
| 521 | 8 |
_aJ
_bRaz-Plus |
|
| 650 |
_aBatman _xFantasy & Magic |
||
| 700 | 1 |
_aBarros, Adrian. _ePenciler |
|
| 700 | 1 |
_aTripp, Kanila. _ePainter |
|
| 730 | 0 | _aDark knight (Motion picture) | |
| 906 |
_a7 _bcbc _corignew _d2 _eepcn _f20 _gy-gencatlg |
||
| 942 |
_2ddc _cBK _n0 |
||
| 999 |
_c4268 _d4268 |
||